Statistics for NBA 20-Point 20-Assist Games Quiz

Click here to take the quiz!

General Stats

  • This quiz has been taken 108 times
  • The average score is 11 of 18

Answer Stats

PlayerTeamPointsAssistsDate% Correct
John StocktonUtah Jazz232417 MAY 1988
92%
John StocktonUtah Jazz272308 DEC 1990
92%
John StocktonUtah Jazz262403 JAN 1989
92%
John StocktonUtah Jazz202815 JAN 1991
92%
John StocktonUtah Jazz212329 NOV 1991
92%
Isiah ThomasDetroit Pistons232513 FEB 1985
84%
Isiah ThomasDetroit Pistons252407 FEB 1985
84%
Earvin "Magic" JohnsonLos Angeles Lakers242417 NOV 1989
82%
Earvin "Magic" JohnsonLos Angeles Lakers242409 JAN 1990
82%
Bob CousyBoston Celtics312827 FEB 1959
62%
Jason KiddDallas Mavericks202508 FEB 1996
62%
Jerry WestLos Angeles Lakers242301 FEB 1967
56%
Scott SkilesOrlando Magic223030 DEC 1990
47%
Kevin PorterDetroit Pistons302509 MAR 1979
9%
Kevin PorterDetroit Pistons202327 DEC 1978
9%
Ramon SessionsMilwaukee Bucks202414 APR 2008
9%
Ernie DiGregorioBuffalo Braves202501 JAN 1974
3%
Geoff HustonCleveland Cavaliers242727 JAN 1982
1%

Score Distribution

Percentile by Number Answered

Percent of People with Each Score

Your Score History

You have not taken this quiz